000 00635cam a22002293a 4500
001 6412
003 PGUSA
005 20140828083132.0
008 040901s2004||||xxu|||||s|||||000 1 eng d
040 _aPGUSA
_beng
042 _adc
050 4 _aPS
100 1 _aRoe, Edward Payson,
_d1838-1888
245 1 0 _aNature's Serial Story
_h[electronic resource] /
_cEdward Payson Roe
260 _bProject Gutenberg,
_c2004
506 _aPublic domain in the USA.
516 _aElectronic text
653 _aCountry life -- Fiction
830 0 _aProject Gutenberg
_v6412
856 4 0 _uhttp://www.gutenberg.org/ebooks/6412
942 _cEB
999 _c235735
_d235735